| 000 | 00849nam a2200253 a 4500 | ||
|---|---|---|---|
| 001 | 65077 | ||
| 003 | BD-RjUL | ||
| 005 | 20211209081402.0 | ||
| 008 | 170226s19541930nyuabc b 000 0 eng d | ||
| 035 | _a(BD-RjUL)65207 | ||
| 040 |
_aDLC _cDLC _dBD-RjUL _beng |
||
| 041 | _aeng | ||
| 082 | 0 | 0 |
_a973 _bMOG 1954 |
| 100 | 1 |
_aMorison, Samuel Eliot, _d1887-1976. _974219 |
|
| 245 | 1 | 4 |
_aThe growth of the American republic / _c[by] Samuel Eliot Morison and Henry Steele Commager |
| 250 | _a4th Rev. & Enl. ed. | ||
| 260 |
_aNew York ; _aLondon : _bOxford university press, _c1930 [reprinted 1954]. |
||
| 300 |
_axvii, 974 p. : _bil. ; _c24 cm. |
||
| 505 | 0 | _aVol. 2 -- | |
| 650 |
_aUnited States _xHistory. _985254 |
||
| 651 | 0 |
_aUnited States _xHistory. _985255 |
|
| 700 | 1 |
_aCommager, Henry Steele, _d1902-1998, _ejoint author. _954046 |
|
| 942 |
_2ddc _cBK |
||
| 999 |
_c65077 _d65077 |
||